| 000 | 00466nam a2200157 a 4500 | ||
|---|---|---|---|
| 001 | 2668 | ||
| 003 | CDMR | ||
| 005 | 20130522130127.0 | ||
| 008 | 130130s1995||||||||||||||||||||||||||||d | ||
| 040 |
_aCDMR _bcat _cCPC LLEIDA |
||
| 110 | 2 |
_9997 _aInternational Federation of Journalists |
|
| 245 | 1 | 4 |
_aLos periodistas en todos los frentes _cInternational Federation of Journalists |
| 260 |
_aIFJ _c1995 _bSantander |
||
| 500 | _a22ยบ Congreso Mundial IFJ | ||
| 942 |
_cMON _2udc |
||
| 999 |
_c2668 _d2668 |
||